10 Closest Capitals to Paris - Statistics

General Stats
  • This quiz has been taken 23 times
  • The average score is 9 of 10
Answer Stats
Capital Distance % Correct
Berlin, Germany 547 km
100%
London, United Kingdom 344 km
100%
Amsterdam, Netherlands 431 km
95%
Bern, Switzerland 438 km
95%
Brussels, Belgium 263 km
95%
Luxembourg City, Luxembourg 290 km
95%
Dublin, Ireland 584 km
77%
Vienna, Austria 645 km
77%
Prague, Czech Republic 550 km
68%
Vaduz, Liechtenstein 569 km
68%
No matching quizzes found
Score Distribution
Percent of People with Each Score
Percentile by Number Answered
Your Score History
You have not taken this quiz